Historia de las ideas en Centroamérica

Na minha lista:
Detalhes bibliográficos
Autor principal: Láscaris Comneno, Constantino
Formato: Livro
Idioma:Spanish
Publicado em: San José de Costa Rica Editorial Universitaria Centroamericana 1982
Edição:2. edición
coleção:Colección Seis
Assuntos:
Tags: Adicionar Tag
Sem tags, seja o primeiro a adicionar uma tag!

MARC

LEADER 00000cam a22000001 4500
001 7589914
005 20141117075437.0
008 741108s1982 cr b 000 0 spa
040 |a DLC  |c CtHT  |d NcGU  |d DLC  |d CRU CIICLA 
082 |a 917.280.3  |b L341h2 
100 2 |a Láscaris Comneno, Constantino. 
245 1 0 |a Historia de las ideas en Centroamérica  |c [por] Constantino Láscaris. 
250 |a 2. edición 
260 |a San José de Costa Rica  |b Editorial Universitaria Centroamericana  |c 1982 
300 |a 485 páginas 
490 0 |a Colección Seis 
504 |a Incluye referencias bibliográficas. 
651 1 4 |a AMERICA CENTRAL  |x VIDA INTELECTUAL 
942 |2 ddc  |c BK 
999 |c 3582  |d 3582